00839nam a22002057a 450000500170000001000450001702000410006202000410010302000420014403500450018603700260023108200110025724501630026826000440043127000550047530000440053070000170057470000210059170000210061220100331115532.0 aB-406940-950 (v.I) B-418607-617 (v.II) a9788170005803 (set) c2475.00 (set)  a9788170005810 (v.I) c2475.00 (set)  a9788170005827 (v.II) c2475.00 (set)  aB-406940-950 (v.I) B-418607-617 (v.II) bEss Ess Publications  a025.04 aLibrary and information science in digital age:cedited by Jagtar Singh, Indervir Malhan [and] Trishanjit Kaur b(essays in Honour of Professor M.P. Satija) / aNew Delhi bEss Ess Publications c2009 a4837/24, Ansari Road, DaryaganjbNew Delhie110002 av.2 (xxvi, 459p.; 460-935p.)c24cm(Hb)  aJagtar Singh aIndervir Malhan  aTrishanjit Kaur